[Event "3rd Sharjah Masters 2019"]
[Site "Sharjah"]
[Date "2019.03.27"]
[Round "6.28"]
[White "Tokhirjonova, Gulrukhbegim"]
[Black "Praveen Kumar C"]
[Result "1/2-1/2"]
[WhiteElo "2434"]
[BlackElo "2243"]
[Annotator "TA"]
[PlyCount "113"]
[EventDate "2019.03.22"]
[EventType "swiss"]
[EventCountry "UAE"]
[SourceTitle "playchess.com"]
[Source "ChessBase"]
[SourceQuality "1"]

{[%evp 13,113,30,24,21,21,0,12,0,0,0,0,0,0,0,0,-5,6,6,11,0,0,-14,0,-7,13,8,0,4,17,30,40,39,37,20,37,22,23,0,70,71,64,0,0,0,58,0,0,0,0,0,0,0,20,20,40,40,40,40,40,43,43,33,33,33,33,33,33,33,25,22,43,11,47,39,50,37,38,38,40,42,42,35,35,35,35,35,35,0,0,0,0,0,0,0,0,0,0,0,0,0,29,29]} 1. e4 c5 2. Nf3 d6 3. d4 cxd4 4. Nxd4 Nf6 5. Nc3 a6 6. Nb3 e5 7. Bg5 Be7 8. Bxf6 {B94: Sicilian Najdorf: 6 Bg5 Nbd7} Bxf6 9. Bc4 (9. Qd3 Be6 10. O-O-O Be7 11. Nd5 Bxd5 12. Qxd5 Qc7 13. Kb1 O-O 14. Na5 Nc6 15. Nc4 Rad8 {1-0 (50) Grischuk,A (2737)-Nepomniachtchi,I (2767) Doha 2016}) 9... O-O 10. Qd3 $146 {The position is equal.} ({Predecessor:} 10. a4 Be6 11. Nd5 Nd7 12. a5 b5 13. axb6 Nxb6 14. Na5 Nxd5 15. Bxd5 {½-½ (30) Volkov,D (2329)-Song,E (2352) Budapest 2018}) 10... b5 11. Bd5 Ra7 12. O-O Nd7 13. a4 b4 14. Nd1 Nb6 15. Ne3 a5 {With the idea ...Ba6.} 16. Rfd1 Bd7 17. Nc4 Nxc4 18. Bxc4 Be7 19. Nd2 Rc7 20. Bd5 Qc8 21. Nc4 Qa6 22. b3 Qa7 23. Qg3 Kh8 24. Rd2 f5 25. Qe3 Qa6 ({Black should play} 25... Rc5 $11) 26. exf5 $14 Bxf5 27. Be4 (27. g3 $14) 27... Be6 $11 28. Bd5 ({White should try} 28. Bd3 $11) 28... Bf5 $14 29. Be4 (29. g3 $14) 29... Be6 $11 30. Qb6 Qxb6 31. Nxb6 Rc5 32. Rad1 Rb8 33. Nd5 Bxd5 34. Rxd5 Rbc8 35. Kf1 g6 36. Ke2 Kg7 37. g3 Kf6 38. Rxc5 Rxc5 39. Rd5 Rxd5 40. Bxd5 $14 {[%mdl 4096] Endgame KB-KB} Bd8 41. Kd3 Bb6 42. f3 Ke7 43. Kc4 Kf6 44. Kb5 Bd8 45. Kc6 Be7 46. Kd7 {[#] Black must now prevent Ke8.} Bf8 47. h4 h5 48. Be4 g5 49. hxg5+ Kxg5 50. Ke8 d5 51. Bxd5 Bc5 52. Kd7 Bf2 53. f4+ $1 exf4 54. gxf4+ Kxf4 55. Kc6 Bh4 56. Bf7 Ke3 57. Bxh5 {Accuracy: White = 66%, Black = 63%.} 1/2-1/2

[Event "3rd Sharjah Masters 2019"]
[Site "Sharjah"]
[Date "2019.03.27"]
[Round "6.29"]
[White "Divya Deshmukh"]
[Black "Laxman, R.R."]
[Result "0-1"]
[WhiteElo "2266"]
[BlackElo "2425"]
[Annotator "TA"]
[PlyCount "106"]
[EventDate "2019.03.22"]
[EventType "swiss"]
[EventCountry "UAE"]
[SourceTitle "playchess.com"]
[Source "ChessBase"]
[SourceQuality "1"]

{[%evp 21,106,46,52,10,10,9,15,12,22,12,26,12,11,21,17,15,28,0,17,19,17,0,0,0,0,-9,0,-18,-12,-14,0,-26,0,-14,-15,-15,-9,-33,-49,-29,-12,-5,-13,-10,0,-21,-13,-14,-12,-19,0,-9,0,0,0,0,0,-5,0,0,69,0,0,-20,-32,-44,-44,-44,-44,-123,-106,-102,-42,-60,0,-86,-43,-45,-52,-876,-855,-919,-891,-29988,-29989,-29989,-29990]} 1. e4 e5 2. Nf3 Nc6 3. Bb5 a6 4. Ba4 Nf6 5. O-O Be7 6. Re1 b5 7. Bb3 O-O 8. c3 d6 9. h3 a5 10. d4 a4 11. Bc2 Bd7 12. Be3 {C92: Closed Ruy Lopez: 9...Be6, Karpov and Flohr-Zaitsev Variations} (12. Na3 Rb8 13. d5 Na7 14. Be3 c5 15. Nxe5 dxe5 16. d6 Rc8 17. f4 Ne8 18. dxe7 Qxe7 19. fxe5 Bc6 {1-0 (58) Sethuraman,S (2618)-Ponomariov,R (2692) Tbilisi 2017}) 12... exd4 13. cxd4 Nb4 14. Nc3 {The position is equal.} Nxc2 15. Qxc2 b4 16. Ne2 {[#]} d5 $146 ({Predecessor:} 16... c5 17. d5 Re8 18. Ng3 Bf8 19. Rad1 g6 {½-½ (40) Psakhis,L (2560)-Smagin,S (2550) Sochi 1988}) 17. e5 Ne4 18. Rac1 c6 19. Ng3 Nxg3 20. fxg3 Qb6 21. Rf1 b3 22. axb3 Qxb3 23. Qxb3 axb3 24. Ne1 Rfb8 25. Nd3 Ra2 26. Rc3 Rb5 27. Kh2 h5 28. Rf2 Ra4 29. Nc1 Rab4 30. Rd3 Rb6 31. Bd2 R4b5 32. Rff3 Ba3 33. Nxb3 Bxb2 34. Nc5 Bc8 35. Be3 Rb4 36. Rd2 Bc1 37. Rd1 Bxe3 38. Rxe3 Bf5 39. Rf3 g6 40. Rf4 R6b5 ({Black should play} 40... Rb1 $11 41. Rxb1 Rxb1) 41. Rc1 (41. Ra1 $1 $14) 41... Rc4 42. Rxc4 (42. Ra1 {is interesting.} Rb2 43. g4 Rcc2 44. gxf5 Rxg2+ 45. Kh1) 42... dxc4 $11 {[%mdl 4096] Endgame KRB-KRN} 43. g4 hxg4 44. hxg4 Be6 45. Ne4 (45. Kg3 $15) 45... Kg7 46. g5 {[#]} Rd5 (46... Kf8 $1 $17 47. Nc5 Ke7) 47. Nd6 {Black should prevent Ne8+.} c3 (47... Ra5 $1 $15) 48. Rf3 (48. Ne8+ $1 $11 Kf8 49. Nc7) 48... c5 49. Ne8+ Kh8 50. Rf4 $2 {[%mdl 8192]} (50. g4 $15 Bxg4 51. Rxc3 cxd4 52. Rb3 Rxe5 53. Nf6) 50... Rxd4 $19 51. Rf1 c2 {[#] Strongly threatening ...Rd1.} 52. Kg3 Rd1 53. Rf4 Rh1 {Accuracy: White = 35%, Black = 61%.} ({Inferior is} 53... c1=Q 54. Rh4+ Kg8 55. Nf6+ Kg7 56. Rh7+ Kf8 57. Rh8+ Kg7 58. Rg8#) 0-1

[Event "3rd Sharjah Masters 2019"]
[Site "Sharjah"]
[Date "2019.03.27"]
[Round "6.30"]
[White "Raja Rithvik R"]
[Black "Al Hosani, Omran"]
[Result "1/2-1/2"]
[WhiteElo "2423"]
[BlackElo "2238"]
[Annotator "TA"]
[PlyCount "59"]
[EventDate "2019.03.22"]
[EventType "swiss"]
[EventCountry "UAE"]
[SourceTitle "playchess.com"]
[Source "ChessBase"]
[SourceQuality "1"]

{[%evp 16,59,68,67,120,127,133,87,81,69,80,85,108,118,110,109,94,110,115,115,108,97,96,14,68,-3,22,28,31,44,39,25,28,-9,0,-16,-18,-27,0,-5,-5,-5,0,0,0,0]} 1. d4 Nf6 2. Bg5 Ne4 3. Bf4 c5 4. f3 Nf6 5. dxc5 Qa5+ 6. Qd2 Qxc5 7. e4 d6 8. Nc3 g6 {A45: Trompowsky Attack} (8... Nbd7 9. Be3 Qc6 10. Nge2 e5 11. Nc1 Be7 12. Be2 O-O 13. a4 Nb6 14. N1a2 d5 15. Bb5 Qd6 16. a5 {1-0 (54) Vitiugov,N (2742)-Cheparinov,I (2682) Dubai 2014}) 9. O-O-O {[#] LiveBook: 8 Games. And now e5! would win.} Nbd7 ({Black should play} 9... Bg7 $14) 10. Be3 $16 Qa5 {White is better.} 11. Kb1 a6 12. g4 $146 {[%cal Bg2g4,Bg4g5][%mdl 32]} ({Predecessor:} 12. Nd5 Qxd2 13. Rxd2 Nxd5 {½-½ (13) Doll,M (2182)-Englmeier,H (2212) Esslingen 2012}) 12... b5 13. g5 b4 14. Nce2 Nh5 15. Ng3 Nxg3 16. hxg3 Bg7 17. Ne2 Ne5 18. Nd4 Qc7 19. Qe2 ({Reject} 19. Qxb4 $6 Rb8 $11) (19. Be2 $16) 19... Bd7 $1 $11 20. Bh3 (20. Rd2 $14) 20... Rc8 21. Bxd7+ Qxd7 22. f4 Nc4 23. Bc1 Qb7 24. Nb3 a5 25. Nd2 Nxd2+ 26. Rxd2 Rc5 27. Rhd1 {The position is equal.} O-O 28. Rd5 Rfc8 29. Rxc5 Rxc5 30. Rd5 {Accuracy: White = 57%, Black = 76%.} 1/2-1/2

[Event "3rd Sharjah Masters 2019"]
[Site "Sharjah"]
[Date "2019.03.27"]
[Round "6.31"]
[White "Buksa, Nataliya"]
[Black "Jeet, Jain"]
[Result "0-1"]
[WhiteElo "2416"]
[BlackElo "2219"]
[Annotator "TA"]
[PlyCount "160"]
[EventDate "2019.03.22"]
[EventType "swiss"]
[EventCountry "UAE"]
[SourceTitle "playchess.com"]
[Source "ChessBase"]
[SourceQuality "1"]

{[%evp 23,160,12,41,36,41,33,76,74,71,76,166,102,162,170,177,165,154,157,153,167,175,128,141,113,118,105,107,91,85,85,91,83,125,59,44,-12,-27,-14,-20,-26,-26,-51,-51,-58,-51,-137,-33,-81,-83,-81,-86,-101,-89,-177,-172,-188,-119,-195,-117,-147,-60,-152,-63,-72,-49,-72,-58,-146,-150,-163,-144,-160,-172,-180,-169,-200,-186,-196,-56,-159,-157,-370,-370,-369,-365,-365,-363,-362,-360,-354,-348,-629,-454,-718,-718,-721,-676,-812,-632,-581,-525,-525,-577,-568,-513,-772,-731,-1630,-2431,-1749,-1658,-1143,-800,-734,-727,-772,-721,-742,-725,-4137,-913,-1495,-1366,-1043,-942,-775,-715,-899,-623,-6244,-6057,-4145,-4145,-29989,-29988,-29988,-4141,-29991,-29992]} 1. e4 e5 2. Nf3 Nc6 3. Bb5 a6 4. Ba4 Nf6 5. O-O Be7 6. Re1 b5 7. Bb3 d6 8. c3 O-O 9. h3 Na5 10. Bc2 c5 11. d4 Qc7 12. d5 Bd7 13. b3 {[%cal Bb2b3,Bb3b4][%mdl 32] C97: Closed Ruy Lopez: Chigorin Defence: 11 d4 Qc7, sidelines} (13. Nbd2 g6 14. Nf1 Nh5 15. b3 c4 16. Bh6 Rfc8 17. b4 Nb7 18. a4 a5 19. Ng3 Nxg3 20. fxg3 axb4 21. cxb4 bxa4 22. Bxa4 Bxa4 23. Rxa4 {½-½ (46) Hovhannisyan,R (2637)-Akopian,V (2650) St Petersburg 2018}) 13... Rfb8 14. Qe2 c4 $146 ({Predecessor:} 14... Nb7 15. c4 g6 16. Kh2 Ne8 17. Nc3 Nd8 18. g4 f6 19. Bd3 b4 20. Nd1 a5 {½-½ (49) Rasik,V (2451)-Belunek,V (2260) Ostrava 2016}) 15. b4 {White is better.} Nb7 16. a4 a5 (16... Nh5 $16) 17. Na3 (17. axb5 $18 Qc8 18. Na3) 17... Nd8 (17... bxa4 $16 18. Nxc4 (18. Qxc4 Qxc4 19. Nxc4 axb4 $14) 18... axb4 19. cxb4 Nh5) 18. axb5 $18 Bxb5 19. Nxb5 Rxb5 20. Nd2 Rc8 21. Nxc4 Rbb8 22. Bd3 axb4 23. cxb4 Rxb4 24. Na5 Nd7 25. Bd2 Rb2 26. Nc4 Rb3 27. Ba5 Qc5 28. Red1 (28. Qg4 $16 Nf6 29. Qd1) 28... Nb7 $1 $14 ({Don't blunder} 28... Rxd3 $2 29. Qxd3 Qxc4 30. Qxc4 $18) 29. Bd2 (29. Ra4 $14) 29... Rxd3 $1 $11 {[%mdl 64] Remove Defender} 30. Qxd3 Qxc4 31. Qxc4 Rxc4 32. Rdb1 Nbc5 33. Ra8+ Bf8 $1 34. Be3 (34. Bb4 $15) 34... Ra4 (34... Rxe4 35. Bxc5 dxc5 36. Rb7 $16) (34... Nxe4 $17 35. Rb7 Nef6) 35. Rd8 {Bxc5 is the strong threat.} Ra7 $1 ({Inferior is} 35... Rxe4 36. Bxc5 Nxc5 37. Rbb8 $18) 36. f3 f6 37. h4 Kf7 38. Kh2 (38. h5 $17) 38... Be7 39. Rc8 Ra3 (39... h5 $19 40. Kg3 Ra3 41. Bxc5 Nxc5) 40. Bf2 {[#]} (40. Bxc5 $17 {is a better defense.} Nxc5 41. Rc7) 40... Ra2 (40... f5 $1 $19 41. Bxc5 (41. exf5 e4) 41... Nxc5 42. exf5 e4) 41. Kg1 g6 (41... h5 $17 42. Bxc5 Nxc5) 42. Rb5 ({Better is} 42. Bxc5 $15 Nxc5 43. Rc7) 42... f5 (42... Ra1+ $17 43. Kh2 Ra7 44. Bxc5 Nxc5) 43. Rc7 Ra6 44. exf5 gxf5 45. h5 {[#]} ({White should try} 45. Bxc5 $15 Nxc5 46. g3) 45... Nf6 $1 $17 {[%cal Rf6d5]} 46. Bxc5 dxc5 47. Rbxc5 {[#]} Rd6 $1 ({Stronger than} 47... Nxh5 48. d6 $11) 48. Ra5 Nxd5 49. Rb7 Ke6 50. Kf2 Nf4 (50... e4 $19 {Strongly threatening ...e3+.} 51. g3 h6) 51. g3 ({White has to play} 51. Rxe5+ $1 $15 Kxe5 52. Rxe7+ Kf6 53. Rxh7) 51... Nxh5 52. g4 $2 (52. Rxe5+ $17 {was called for.} Kxe5 53. Rxe7+ Kf6 54. Rxh7) 52... Bh4+ $19 53. Kf1 fxg4 54. fxg4 Nf4 {[%cal Rd6d1]} 55. Ra1 h6 56. Rh7 Bg5 57. Ra8 $2 (57. Rh8) 57... Rb6 58. Kf2 (58. Rha7 $142) 58... Rb2+ 59. Kf3 Rb3+ 60. Kf2 Bh4+ 61. Kg1 Rb1+ 62. Kh2 Rb2+ 63. Kg1 Bg5 64. Kf1 (64. Ra3 $142) 64... Kd5 65. Ra4 Bh4 {[%cal Rb2b1]} 66. Rd7+ Ke6 67. Rd1 Rf2+ 68. Kg1 Rg2+ 69. Kf1 Rxg4 70. Ra6+ Kf5 71. Rxh6 Bg5 (71... e4 $142 72. Rd2 e3) 72. Ra6 Rh4 73. Kg1 Rh3 74. Ra5 Re3 75. Rd7 Ke4 76. Kf2 {aiming for Ra4+.} Bh4+ 77. Kg1 Kf3 {( -> ...Re1+)} 78. Rd1 Bf2+ 79. Kh1 e4 (79... Kg4 $142 80. Rg1+ Bxg1 81. Kxg1 e4 82. Kf1 Rh3 83. Ra1 e3 84. Kg1 Rg3+ 85. Kf1 Kf3 86. Ra7 Rh3 87. Rg7 Rh1+ 88. Rg1 e2+ 89. Ke1 Ke3 90. Rxh1 Ng2#) 80. Rf1 Ke2 {Accuracy: White = 27%, Black = 55%.} 0-1

[Event "3rd Sharjah Masters 2019"]
[Site "Sharjah"]
[Date "2019.03.27"]
[Round "6.32"]
[White "Sundararajan, Kidambi"]
[Black "Abdurakhmonov, Mukhammadali"]
[Result "1-0"]
[WhiteElo "2413"]
[BlackElo "2205"]
[Annotator "TA"]
[PlyCount "59"]
[EventDate "2019.03.22"]
[EventType "swiss"]
[EventCountry "UAE"]
[SourceTitle "playchess.com"]
[Source "ChessBase"]
[SourceQuality "1"]

{[%evp 25,59,17,27,18,45,16,21,39,34,9,61,37,99,100,108,97,151,150,149,150,224,218,231,214,216,193,211,200,416,417,401,401,496,493,651,647]} 1. d4 Nf6 2. c4 e6 3. Nc3 Bb4 4. e3 c5 5. Bd3 d5 6. cxd5 Nxd5 7. Bd2 cxd4 8. exd4 Nc6 9. Nf3 Be7 10. O-O O-O 11. Qe2 Nf6 12. Ne4 Nxe4 {B14: Caro-Kann: Panov-Botvinnik Attack with 5...e6 and 5...g6} (12... Qb6 13. Be3 Nd5 14. Rac1 Rd8 15. a3 {½-½ (15) Motylev,A (2658)-Jakovenko,D (2724) Poikovsky 2012}) 13. Qxe4 f5 {LiveBook: 6 Games} 14. Qe2 Bf6 $146 {The position is equal.} ({Predecessor:} 14... Nxd4 15. Nxd4 Qxd4 16. Bc3 Qh4 17. Rad1 f4 18. Be4 a5 19. Rd3 e5 20. Bxe5 Ra6 21. Re1 Kh8 22. Bxb7 Rg6 23. Bxc8 Rxc8 24. Bxf4 Qxf4 25. Qxe7 Rf8 26. Qe3 Re6 {0-1 (26) Laurent,B (2308)-Pira,D (2432) St Chely d'Aubrac 2001}) 15. Bc4 Nxd4 16. Nxd4 Qxd4 17. Bb4 b5 (17... Rd8 $11) 18. Bxf8 $14 bxc4 (18... Qxc4 $14 19. Qf3 Rb8) 19. Bb4 $16 Qd3 20. Rfe1 Rb8 {[#]} ({Black should try} 20... Qxe2 21. Rxe2 Bb7) 21. Bc3 $1 {[%mdl 512]} Qxe2 (21... Bxc3 22. bxc3) 22. Rxe2 Bxc3 (22... Kf7 $16 23. Rd1 Rb5) 23. bxc3 {[%mdl 4096] Endgame KRR-KRB} Rb6 24. Ree1 Kf7 25. Rab1 Ra6 26. Rb8 Bd7 $2 (26... Rc6 27. f4 Rc7) 27. Rb7 $18 Ke8 28. Rd1 Bc6 29. Rxg7 Rxa2 30. h4 {Precision: White = 78%, Black = 36%.} 1-0

[Event "3rd Sharjah Masters 2019"]
[Site "Sharjah"]
[Date "2019.03.27"]
[Round "6.33"]
[White "Kunal, M.."]
[Black "Akash G"]
[Result "1-0"]
[WhiteElo "2258"]
[BlackElo "2411"]
[Annotator "TA"]
[PlyCount "123"]
[EventDate "2019.03.22"]
[EventType "swiss"]
[EventCountry "UAE"]
[SourceTitle "playchess.com"]
[Source "ChessBase"]
[SourceQuality "1"]

{[%evp 22,123,38,32,38,17,10,14,27,27,28,28,20,33,49,39,63,43,45,0,0,8,11,14,76,77,78,42,42,42,60,52,60,37,60,60,81,73,82,82,82,82,82,82,82,0,82,77,82,75,82,71,75,0,82,70,82,75,82,75,75,64,112,110,113,97,116,116,233,231,404,397,382,380,363,355,972,405,2420,2420,2387,2339,2241,1983,29971,29973,29973,29974,29974,29976,29978,29980,29980,29981,29981,29982,29982,29982,29982,29983,29983,29984,29985,29986]} 1. e4 c5 2. Nf3 d6 3. d4 cxd4 4. Nxd4 Nf6 5. Nc3 Nc6 6. Bg5 e6 7. Qd2 a6 8. O-O-O Bd7 9. f4 Qc7 10. Be2 Be7 11. Nf3 O-O-O 12. Kb1 Kb8 {B68: Sicilian: Richter-Rauzer: 7...a6 8 0-0-0 Bd7 9 f4 Be7} 13. e5 (13. Rhe1 Bc8 14. Bd3 h6 15. Bh4 d5 16. e5 Nd7 17. Bxe7 Nxe7 18. Nd4 Nc5 19. Qe3 Bd7 20. Be2 {½-½ (55) Fritz,J (2446)-Oliveira (2473) ICCF email 2008}) 13... dxe5 14. fxe5 Nd5 $146 {The position is equal.} ({Predecessor:} 14... Ne8 15. Bxe7 Nxe7 16. Ng5 Rf8 17. Nxh7 Rg8 18. Ng5 Rf8 19. Rhf1 Nf5 20. g4 {1-0 (20) Winiwarter,F-Paoli,E Reggio Emilia 1959}) 15. Nxd5 exd5 16. Bxe7 Nxe7 17. Qg5 Be6 18. Nd4 $36 {[%mdl 2048] White has good play.} (18. Qxg7 Rhg8 $11) 18... Nc6 19. Rhe1 (19. Qxg7 Nxd4 20. Rxd4 Rhg8 $15) 19... h6 20. Qxg7 Nxd4 21. Rxd4 {Threatening Qf6.} Rhg8 22. Qxh6 {Black must now prevent Bf3.} Qxe5 (22... Rxg2 $11 23. Qf4 Rdg8) 23. Qh4 $16 Qc7 24. Qf2 {Hoping for g4.} Qxh2 25. Bf3 Rd7 26. a3 Rc8 27. Ka1 Qc7 28. c3 Rd6 29. Qd2 Rcd8 30. Rd1 R6d7 31. Qg5 Ka7 32. Qe3 (32. Bxd5 $2 Rxd5 33. Rxd5 Rxd5 $19) 32... Kb8 33. Qg5 Ka7 $1 34. R1d2 (34. Bxd5 $2 Rxd5 35. Rxd5 Rxd5 $19) 34... Kb8 35. Re2 Ka7 36. Re1 Kb8 37. Red1 Ka7 $1 38. Rh1 ({Not} 38. Bxd5 $2 Rxd5 39. Rxd5 Rxd5 $19) 38... Kb8 39. Qd2 Ka7 40. Rh5 Kb8 41. Bxd5 Bxd5 42. Rhxd5 Rxd5 43. Rxd5 {[%mdl 4096] Endgame KQR-KQR} Rh8 44. Qd4 Re8 (44... f6 $16 {was necessary.} 45. g4 Qc8 46. Qf4+ Ka7 47. Qd4+ Kb8 48. Qf4+ Ka7) 45. Rd7 $18 Qg3 $2 (45... Qc6 46. Qf4+ Ka7 47. Qf2+ (47. Qxf7 Re2 $16) (47. Rxf7 Qxg2 48. Qd4+ Kb8 $16) 47... Ka8 48. Rxf7 Qd5) 46. Rxb7+ {[%mdl 64] [#] Decoy} ({Don't do} 46. Qd5 Qe1+ 47. Ka2 Qe6 $18) 46... Kxb7 47. Qd7+ {[%mdl 64] Double Attack} Kb6 48. Qxe8 Qxg2 $2 (48... Qf2 49. Qe4 f5 50. Qe6+ Kb7 51. Qd5+ Kc7) 49. Qxf7 {KQ-KQ} (49. Qb8+ $142 Qb7 50. Qd8+ Qc7 51. Qd4+ Kc6 52. Kb1) 49... Qe2 (49... Qc6 $142 50. Qf2+ Kb5 51. Qf5+ Kb6) 50. Qd5 Qc2 51. Ka2 Qe2 52. a4 {[%cal Ba3a4,Ba4a5][%mdl 32]} Ka7 53. Qc5+ {White mates.} Kb7 54. a5 Qf1 55. c4 Qf6 {[#]} 56. Qb6+ $1 Qxb6 57. axb6 Kxb6 {KPP-KP} 58. b4 {[%cal Bb2b4,Bb4b5][%mdl 32]} Kc6 59. Kb3 Kb6 60. Kc3 a5 61. b5 Kc5 62. Kb3 {Accuracy: White = 56%, Black = 36%.} 1-0

[Event "3rd Sharjah Masters 2019"]
[Site "Sharjah"]
[Date "2019.03.27"]
[Round "6.34"]
[White "Tissir, Mohamed"]
[Black "Thrish, Karthik"]
[Result "1/2-1/2"]
[WhiteElo "2386"]
[BlackElo "2096"]
[Annotator "NA"]
[PlyCount "35"]
[EventDate "2019.03.22"]
[EventType "swiss"]
[EventCountry "UAE"]
[SourceTitle "playchess.com"]
[Source "ChessBase"]
[SourceQuality "1"]
[TimeControl "5400+30"]

1. e4 {[%emt 0:00:00]} e5 {[%emt 0:09:39]} 2. Nf3 {[%emt 0:00:00]} d6 {[%emt 0:00:03]} 3. d4 {[%emt 0:00:12]} exd4 {[%emt 0:00:05]} 4. Nxd4 {[%emt 0:00:05]} Nf6 {[%emt 0:00:03]} 5. Nc3 {[%emt 0:00:08]} Be7 {[%emt 0:00:02]} 6. Bc4 {[%emt 0:00:10]} O-O {[%emt 0:00:33]} 7. O-O {[%emt 0:00:06]} c6 {[%emt 0:01:14]} 8. Re1 {[%emt 0:00:54]} Re8 {[%emt 0:01:28]} 9. Bf4 {[%emt 0:00:35]} Bf8 {[%emt 0:04:45]} 10. a4 {[%emt 0:00:35]} a5 {[%emt 0:04:47]} 11. h3 {[%emt 0:00:48]} Nbd7 {[%emt 0:02:58]} 12. Ba2 {[%emt 0:32:27]} Ne5 {[%emt 0:07:03]} 13. Nf3 {[%emt 0:10:21]} Nxf3+ {[%emt 0:14:53]} 14. Qxf3 {[%emt 0:00:09]} Be6 {[%emt 0:00:02]} 15. Bxe6 {[%emt 0:16:59]} Rxe6 {[%emt 0:01:15]} 16. Re2 {[%emt 0:12:50]} Nd7 {[%emt 0:04:14]} 17. Rd1 {[%emt 0:05:35]} Qf6 {[%emt 0:07:34]} 18. Bg3 {[%emt 0:07:29]} 1/2-1/2

[Event "3rd Sharjah Masters 2019"]
[Site "Sharjah"]
[Date "2019.03.27"]
[Round "6.35"]
[White "Pranav Vijay"]
[Black "Zaibi, Amir"]
[Result "1-0"]
[WhiteElo "2265"]
[BlackElo "2386"]
[Annotator "NA"]
[PlyCount "47"]
[EventDate "2019.03.22"]
[EventType "swiss"]
[EventCountry "UAE"]
[SourceTitle "playchess.com"]
[Source "ChessBase"]
[SourceQuality "1"]
[TimeControl "5400+30"]

1. e4 {[%emt 0:00:00]} c5 {[%emt 0:01:55]} 2. Nf3 {[%emt 0:00:00]} Nc6 {[%emt 0:00:04]} 3. Bb5 {[%emt 0:00:00]} g6 {[%emt 0:00:08]} 4. O-O {[%emt 0:00:41]} Bg7 {[%emt 0:00:05]} 5. Re1 {[%emt 0:00:40]} e5 {[%emt 0:00:52]} 6. Bxc6 {[%emt 0:01:40]} dxc6 {[%emt 0:00:43]} 7. d3 {[%emt 0:00:20]} Qc7 {[%emt 0:04:28]} 8. Nbd2 {[%emt 0:02:37]} h6 {[%emt 0:03:30]} 9. Nc4 {[%emt 0:04:19]} Be6 {[%emt 0:00:16]} 10. Bd2 {[%emt 0:01:34]} Rd8 {[%emt 0:07:32]} 11. Qe2 {[%emt 0:01:15]} Nf6 {[%emt 0:10:26]} 12. Nfxe5 {[%emt 0:07:37]} Nh5 {[%emt 0:01:54]} 13. Nf3 {[%emt 0:00:27]} Bxc4 {[%emt 0:10:50]} 14. dxc4 {[%emt 0:00:07]} Bxb2 {[%emt 0:00:24]} 15. Rab1 {[%emt 0:00:05]} Bf6 {[%emt 0:10:37]} 16. e5 {[%emt 0:00:54]} Be7 {[%emt 0:00:04]} 17. e6 {[%emt 0:00:12]} Bf6 {[%emt 0:01:58]} 18. Qe3 {[%emt 0:03:15]} Qe7 {[%emt 0:18:12]} 19. g4 {[%emt 0:01:54]} Ng7 {[%emt 0:00:56]} 20. exf7+ {[%emt 0:00:09]} Kxf7 {[%emt 0:01:52]} 21. Qxe7+ {[%emt 0:00:59]} Bxe7 {[%emt 0:00:03]} 22. Rxb7 {[%emt 0:02:44]} Rhe8 {[%emt 0:01:41]} 23. Bxh6 {[%emt 0:00:21]} Ne6 {[%emt 0:01:37]} 24. Ng5+ {[%emt 0:00:08]} 1-0

[Event "3rd Sharjah Masters 2019"]
[Site "Sharjah"]
[Date "2019.03.27"]
[Round "6.36"]
[White "Saurabh Anand"]
[Black "Gokhale, Anupama"]
[Result "1-0"]
[WhiteElo "2385"]
[BlackElo "1994"]
[Annotator "NA"]
[PlyCount "67"]
[EventDate "2019.03.22"]
[EventType "swiss"]
[EventCountry "UAE"]
[SourceTitle "playchess.com"]
[Source "ChessBase"]
[SourceQuality "1"]
[TimeControl "5400+30"]

1. e4 {[%emt 0:02:02]} c6 {[%emt 0:00:00]} 2. d4 {[%emt 0:00:35]} d5 {[%emt 0:00:08]} 3. e5 {[%emt 0:00:30]} Bf5 {[%emt 0:00:25]} 4. h4 {[%emt 0:00:33]} h5 {[%emt 0:00:22]} 5. c4 {[%emt 0:00:15]} e6 {[%emt 0:01:10]} 6. Nc3 {[%emt 0:00:41]} Ne7 {[%emt 0:01:50]} 7. Bg5 {[%emt 0:00:40]} Nd7 {[%emt 0:03:44]} 8. cxd5 {[%emt 0:00:46]} exd5 {[%emt 0:01:49]} 9. Nge2 {[%emt 0:01:34]} Qb6 {[%emt 0:15:30]} 10. Qd2 {[%emt 0:01:16]} Be6 {[%emt 0:18:57]} 11. Ng3 {[%emt 0:06:48]} Nf5 {[%emt 0:03:03]} 12. Nxf5 {[%emt 0:00:40]} Bxf5 {[%emt 0:00:08]} 13. Bd3 {[%emt 0:15:15]} Bxd3 {[%emt 0:10:02]} 14. Qxd3 {[%emt 0:00:24]} Bb4 {[%emt 0:12:41]} 15. O-O {[%emt 0:06:14]} Nf8 {[%emt 0:05:09]} 16. Ne2 {[%emt 0:04:46]} Ne6 {[%emt 0:01:44]} 17. a3 {[%emt 0:00:55]} Bf8 {[%emt 0:03:08]} 18. f4 {[%emt 0:02:44]} Qc7 {[%emt 0:05:47]} 19. b4 {[%emt 0:10:43]} b5 {[%emt 0:06:08]} 20. Rac1 {[%emt 0:01:57]} a5 {[%emt 0:00:28]} 21. f5 {[%emt 0:00:38]} Nxg5 {[%emt 0:00:37]} 22. hxg5 {[%emt 0:00:10]} axb4 {[%emt 0:01:08]} 23. axb4 {[%emt 0:00:08]} Bxb4 {[%emt 0:01:09]} 24. Nf4 {[%emt 0:02:20]} Qb6 {[%emt 0:01:33]} 25. f6 {[%emt 0:01:37]} gxf6 {[%emt 0:01:50]} 26. e6 {[%emt 0:00:23]} O-O-O {[%emt 0:03:18]} 27. exf7 {[%emt 0:00:16]} fxg5 {[%emt 0:00:38]} 28. Ne6 {[%emt 0:01:49]} Kb7 {[%emt 0:00:52]} 29. Nxd8+ {[%emt 0:00:28]} Rxd8 {[%emt 0:00:07]} 30. Rf6 {[%emt 0:00:23]} Rc8 {[%emt 0:00:30]} 31. Kh1 {[%emt 0:00:54]} Bf8 {[%emt 0:00:27]} 32. Re6 {[%emt 0:01:05]} b4 {[%emt 0:00:58]} 33. Re8 {[%emt 0:00:30]} Qc7 {[%emt 0:00:37]} 34. Ra1 {[%emt 0:00:55]} 1-0